El juego de la oca: una propuesta interdisciplinar para la reforma

Salvato in:
Dettagli Bibliografici
Autore principale: Lastra Muiña, Roberto (Autore)
Natura: Libro
Lingua:spagnolo
Pubblicazione: Madrid CCS 1996
Serie:Colección Enseñanza Religiosa, 8
Soggetti:
Tags: Aggiungi Tag
Nessun Tag, puoi essere il primo ad aggiungerne!!

MARC

LEADER 00000nam a2200000 a 4500
001 UCP4104
003 CL-VaPUC
008 990724e19960000SP |||||||||||||||||spa|d
082 0 4 |a 377  |b LAS  |2 21 
100 |a Lastra Muiña, Roberto  |e author  |9 431526 
245 1 3 |a El juego de la oca: una propuesta interdisciplinar para la reforma 
300 |a 262 p 
942 |c BK 
945 |d 19990724 00:00:00  |a rbrito 
260 |a Madrid  |b CCS  |c 1996 
650 0 |a Educación religiosa   |9 308312 
650 0 |a Vida religiosa  |9 257284 
650 0 |a Simbolismo  |9 267046 
650 0 |a Reforma educacional   |9 256319 
650 0 |a Biblia  |9 257603 
583 |a last modification  |c 19990724 00:00:00  |k Rodrigo Vera 
490 0 |a Colección Enseñanza Religiosa, 8 
999 |c 282172  |d 282170